| 000 | 00379nam a2200145Ia 4500 | ||
|---|---|---|---|
| 005 | 20250729165704.0 | ||
| 008 | 250729s2007 xx 000 0 und d | ||
| 041 | _akan | ||
| 082 | _a494.50 SHAK | ||
| 100 |
_aD.N. Shankara Bhat _9230615 |
||
| 245 | _aKannada Nudi nadedubandha dari | ||
| 260 |
_aHeggodu _bBhasha prakashana _c2007 |
||
| 300 | _a348p | ||
| 650 |
_aKannada _9230616 |
||
| 999 |
_c238870 _d238870 |
||